000 00513nmm a2200169Ia 4500
008 251105s9999||||xx |||||||||||||||||und||
020 _a9788483590386
041 _aspa
100 _aBertrand de Muñoz, Maryse
245 0 _aSi me quieres escribir :
_b Canciones políticas y de combate de la Guerra de España
264 _a[Madrid, España] :
_bCalambur,
_c2009
300 _a392 páginas
490 _aPoesía
650 _aMusic
856 _uhttps://public.digitaliapublishing.com/a/30605
942 _cCF
999 _c86129
_d86129